Directors' dilemmas : (Record no. 591692)

000 -LEADER
fixed length control field 00343nam a22001217a 4500
020 ## - INTERNATIONAL STANDARD BOOK NUMBER
International Standard Book Number 0749445173
082 ## - DEWEY DECIMAL CLASSIFICATION NUMBER
Classification number 658.422
Author Mark DUN
100 ## - MAIN ENTRY--PERSONAL NAME
Personal name Dunne, Patrick
245 ## - TITLE STATEMENT
Title Directors' dilemmas :
Remainder of title tales from the frontline /
Statement of responsibility, etc. Patrick Dunne
260 ## - PUBLICATION, DISTRIBUTION, ETC.
Place of publication, distribution, etc. London :
Name of publisher, distributor, etc. Kogan Page Limited,
Date of publication, distribution, etc. 2005.
300 ## - PHYSICAL DESCRIPTION
Extent 274 p. ;
Dimensions 23 cm.
942 ## - ADDED ENTRY ELEMENTS (KOHA)
Source of classification or shelving scheme
Koha item type Book
Holdings
Withdrawn status Lost status Source of classification or shelving scheme Damaged status Not for loan Permanent Location Current Location Shelving location Date acquired Source of acquisition Total Checkouts Full call number Barcode Date last seen Price effective from Koha item type
          Central Library (CL) Central Library (CL) Chinese Studies 10/11/2022 Donated by China Embassy   658.422 DUN CL-D-2031 10/11/2022 10/11/2022 Book
© 2023 Central Library, National University of Sciences and Technology. All Rights Reserved.